| Record ID | marc_records_scriblio_net/part16.dat:106581460:910 |
| Source | Scriblio |
| Download Link | /show-records/marc_records_scriblio_net/part16.dat:106581460:910?format=raw |
LEADER: 00910cam 2200265 a 4500
001 83010549 //r87
003 DLC
005 19871207000000.0
008 830511s1984 mnua b 00110 eng
010 $a 83010549 //r87
020 $a0816610673
020 $a0816610681 (pbk.)
041 1 $aengger
050 0 $aBH301.A94$bB8313 1984
082 0 $a111/.85$219
100 10 $aBürger, Peter,$d1936-
240 10 $aTheorie der Avantgarde.$lEnglish
245 10 $aTheory of the avant-garde /$cPeter Bürger ; translation from the German by Michael Shaw ; foreword by Jochen Schulte-Sasse.
260 0 $aMinneapolis :$bUniversity of Minnesota Press,$cc1984.
300 $alv, 135 p. :$bill. ;$c24 cm.
440 0 $aTheory and history of literature ;$vv. 4
500 $aTranslation of: Theorie der Avantgarde.
504 $aBibliography: p. 122-125.
500 $aIncludes index.
650 0 $aAvant-garde (Aesthetics)